000
00255nam a22001217a 4500
008
170412b xxu||||| |||| 00| 0 eng d
041
_a
eng
080
_2
4 ED
_a
618
100
_a
10
101
_a
SHM
245
_a
OBSTETRICS
_c
GUBBE.S.G
942
_2
udc
_c
BK
999
_c
10571
_d
10571